000 00444nab a2200145Ia 4500
003 ES-SlBCS
005 20210601125231.0
008 140529s1972 xxu||||| |||| 00| 0 eng d
041 _aeng
100 1 _aMickunas, Algis
_9155747
245 0 0 _aToward a Rapprochement
_c Algis Mickunas, John Oastler
700 1 _aOastler, John
_9155748
773 0 _tPhilosophy and Phenomenological Research
_gvol. 33, 1972, págs. 241-248
_wRev1411
942 _cAR
999 _c526942
_d526942